History Quiz

Random History Quiz

Guess the year: Trade Unions Quiz Stats

 Plays Quiz not verified by Sporcle

Challenge
Share
Tweet
Embed
Score 0/19 Timer 10:00
0 Plays Today
Guess the year Year % Correct
Wagner Act1935
96%
The year in which the NIRA was made unconstitutional1935
96%
Air Controller's Strike (Reagan hostile to strikers)1981
88%
Fair Labor Standards Act1938
84%
Taft-Hartley Act (Truman Vetoed)1947
84%
National Industrial Recovery Act1933
84%
CIO Set up by John Lewis1938
84%
Ford finally recognises unions1941
84%
Haymarket Affair1886
80%
AFL Set up 1886
80%
Guess the year Year % Correct
AFL-CIO created1955
76%
Homestead Strike1892
72%
ARU set up by Eugene Debs1892
72%
Pullman Strike1894
64%
Lockner V. New York (Pereventing restrictions on working day and restricted right to work)1905
56%
Molly Maguires set up1873
56%
National Labour Union1866
56%
KOL Set up1869
48%
amalgation of Association of Iron Workers V. Carnegie (Membership doubled as result)1889
40%

You're not logged in!

Compare scores with friends on all Sporcle quizzes.
Join for Free
OR
Log In

You Might Also Like...

Show Comments

Extras

Created Jun 16, 2010ReportFavoriteNominate
Tags:trade, union

Top Quizzes Today


Score Distribution

Your Account Isn't Verified!

In order to create a playlist on Sporcle, you need to verify the email address you used during registration. Go to your Sporcle Settings to finish the process.

Report this User

Report this user for behavior that violates our Community Guidelines.

Details: